000 01011nam a2200229Ia 4500
001 18574
003 GE_BSU
008 181216s||||||||xx |||||||||||||| ||und||
020 _a9789941250231
040 _cGE_BSU
080 _a1(042.4)
100 _aბრეგაძე, კონსტანტინე
245 _aნიცშეს ფილოსოფია ჩვენი გამოცდილების ჭრილში: ლექციების ციკლი "კამპუსში": სამი ლექცია
245 _cრედაქტორი და იდეის ავტორი:ხუნდაძე, მიხეილ
260 _aთბილისი
260 _bმერიდიანი
260 _c2016
300 _a108 გვ,ილ.;15სმ.
653 _aნიცშეს ფილოსოფია ჩვენი გამოცდილების ჭრილში
653 _aფილოსოფია.
942 _cBK
999 _c51583
_d51583